书目信息 |
| 题名: |
科幻文学理论和学科体系建设
|
|
| 作者: | 吴岩 主编 | |
| 分册: | ||
| 出版信息: | 重庆 重庆出版社 2008.07 |
|
| 页数: | 427页 | |
| 开本: | 24cm | |
| 丛书名: | 科幻文学理论和学科体系建设丛书 | |
| 单 册: | ||
| 中图分类: | I106.4 | |
| 科图分类: | ||
| 主题词: | 科学幻想小说--ke xue huan xiang xiao shuo--文学研究--世界 | |
| 电子资源: | ||
| ISBN: | 978-7-5366-9601-3 | |
| 000 | 01159nam 2200265 450 | |
| 001 | 012009604254 | |
| 005 | 20090623213603.69 | |
| 010 | @a978-7-5366-9601-3@dCNY48.00 | |
| 100 | @a20090623d2008 em y0chi0120 ea | |
| 101 | 0 | @achi |
| 102 | @aCN@b500000 | |
| 105 | @ay z 000ay | |
| 106 | @ar | |
| 200 | 1 | @a科幻文学理论和学科体系建设@Ake huan wen xue li lun he xue ke ti xi jian she@f吴岩主编@Fwu yan zhu bian |
| 210 | @a重庆@c重庆出版社@d2008.07 | |
| 215 | @a427页@d24cm | |
| 225 | 2 | @a科幻文学理论和学科体系建设丛书@Ake huan wen xue li lun he xue ke ti xi jian she cong shu |
| 300 | @a国家社会科学学术基金重大研究项目 No 04BZW012 北京师范大学文学院科幻文学理论研究标志性工程 | |
| 330 | @a本书第一次系统阐述和建设了中国科幻的理论与学科体系。本书四部分:第一编科幻小说的概念和理论;第二编科幻研究的侧面;第三编各语种科幻的发展;第四编批评、教学和网站资源。从科幻小说的的概念与定义,科幻批评 | |
| 410 | 0 | @12001 @a科幻文学理论和学科体系建设丛书 |
| 606 | 0 | @a科学幻想小说@Ake xue huan xiang xiao shuo@x文学研究@y世界 |
| 690 | @aI106.4 @v4 | |
| 701 | 0 | @a吴岩@Awu yan@4主编 |
| 801 | 0 | @aCN@bQSSK@c20090623 |
| 905 | @b749017-19@dI106.4 @eW915@f3 | |
| 科幻文学理论和学科体系建设/吴岩主编.-重庆:重庆出版社,2008.07 |
| 427页;24cm.-(科幻文学理论和学科体系建设丛书) |
| 国家社会科学学术基金重大研究项目 No 04BZW012 北京师范大学文学院科幻文学理论研究标志性工程 |
| ISBN 978-7-5366-9601-3:CNY48.00 |
| 本书第一次系统阐述和建设了中国科幻的理论与学科体系。本书四部分:第一编科幻小说的概念和理论;第二编科幻研究的侧面;第三编各语种科幻的发展;第四编批评、教学和网站资源。从科幻小说的的概念与定义,科幻批评 |
| ● |
| 相关链接 |
|
|
|
正题名:科幻文学理论和学科体系建设
索取号:I106.4/W915
 
预约/预借
| 序号 | 登录号 | 条形码 | 馆藏地/架位号 | 状态 | 备注 |
| 1 | 749017 | 207490179 | 文学库108/108文学库 1排8列4层/ [索取号:I106.4/W915] | 在馆 | |
| 2 | 749018 | 207490188 | 文学库108/108文学库 1排8列4层/ [索取号:I106.4/W915] | 在馆 | |
| 3 | 749019 | 207490197 | 文学库108/108文学库 1排8列4层/ [索取号:I106.4/W915] | 在馆 |